000 00846nam a2200193 a 4500
001 000033338
005 20240305125107.0
008 110824s19uu dr a 000 0 spa d
040 _aDO-SdBNP
_bspa
_cBNPHU
100 1 _aVela Zanetti, José
_958927
245 1 0 _aJosé Vela Zanetti /
_cselección y composición de Aida Cartagena Portolatín ; con estudios de Antonio Fernández Spencer ; poemas de Bernardo Clariana y Víctoriano Cremer.
260 _aCiudad Trujillo, República Dominicana :
_bEditorial el Caribe,
_c[195u].
300 _a98 p. :
_bil. ;
_c30 cm.
500 _aTres notas críticas de Dario Suro Horia Tanasescu y Manuel Valladeperez
700 1 _aCaratagena Portolatín, Aida
_958928
700 1 _aFernández Spencer, Antonio,
_d1922-1995
_922525
700 1 _aClariana, Bernardo
_958929
700 1 _aCremer, Víctoriano
_958930
999 _c32829
_d32829